00699nam a22002057a 4500999001900000005001700019010001500036020002600051035001400077037001300091082001100104100001400115245003500129260003800164270007100202300002100273500005100294942002500345952012300370 c172284d17228420200131105231.0 aENG-127581 a9789380920764c795.00 aEN-111113 bDBAD/PUB a954.05 aM.K Singh aMohan Bhagwat /cby M.K. Singh aNew Delhi bSun Shine Booksc2019 bNew Delhi a4760-4761, 2nd Floor, 23 Ansari Road, Daryaganje11000 a196p.b22 cm(hb) ainclude Bibliographical references and index  2ddccENh954.05mMAD 001040708NFICaZLSbZLSd2020-01-31eDBAD/PUBg795.00l0o954.05 MADpEN-111113r2020-01-31 00:00:00t1v795.00yEN